Welcome to the Holygrace Academy Library

Please use search bar below to get started

KALITHOZHI (Record no. 7718)

MARC details
000 -LEADER
fixed length control field 00201nam a22000977a 4500
082 ## - DEWEY DECIMAL CLASSIFICATION NUMBER
Classification number 894.812
Item number PAN/K
100 ## - MAIN ENTRY--AUTHOR NAME
Personal name PANICKAR, CHANGAMBUZHA
245 ## - TITLE STATEMENT
Title KALITHOZHI
650 ## - SUBJECT ADDED ENTRY--TOPICAL TERM
Topical Term MALAYALAM STORY
942 ## - ADDED ENTRY ELEMENTS (KOHA)
Koha item type Books
Holdings
Withdrawn status Lost status Collection code Home library Current library Date acquired Source of acquisition Full call number Accession Number Koha item type
Withdrawn Damaged Item Fiction Main Library Main Library 12/01/2005 purchase 894.812 PAN/K 01996 Books